Gun Quiz Pt. 2! - Statistics

General Stats
  • This quiz has been taken 249 times
  • The average score is 9 of 16
Answer Stats
Picture Answer % Correct
RPG-7 / RPG
93%
Desert Eagle / Deagle
90%
FN SCAR / SCAR
88%
Uzi
87%
FN P90 / P90
83%
Steyr AUG / AUG
78%
Kriss Vector / Vector
74%
M1918A2 BAR / BAR
74%
Colt 1911 / 1911
67%
AK12
48%
USP
46%
Barrett 82A1 / Barrett
41%
Winchester 1897 / Trench Gun
35%
Luty
16%
Agram 2000 / Agram
9%
TAPCO-SKS / OPSKS
6%
No matching quizzes found
Score Distribution
Percent of People with Each Score
Percentile by Number Answered
Your Score History
You have not taken this quiz